000 01607cam a22004334i 4500
003 PE-LiUPU
005 20250731173325.0
008 150625s2005 pe a rb 000 0 spa d
035 _a(Sirsi) a39097
040 _aPE-LiUPU
_bspa
_cPE-LiUPU
_erda
082 0 4 _a231.044
_bC28
_221
100 1 _aCastillo Anchapuri, Rubén,
_eautor.
245 1 0 _aNombres y títulos de la deidad bíblica /
_cRubén Castillo Anchapuri.
264 1 _aLima :
_bEditorial Imprenta Unión,
_c2005.
300 _a140 páginas :
_bilustraciones ;
_c21 centímetros
336 _atext
_2rdacontent
337 _aunmediated
_2rdamedia
338 _avolume
_2rdacarrier
504 _aIncluye bibliografía.
505 0 _aNombres y títulos de Dios el Padre -- Nombres y títulos de Dios el Hijo -- Nombres de Dios el Espíritu Santo.
526 _aSEG42
526 _aSEG41
526 _aSEG40
526 _aSEG39
526 _aP94
526 _aP87
526 _aP86
526 _aP85
526 _aP77
526 _aP76
526 _aP35
650 0 4 _aDios
_xNombres.
910 _bjv
_clch
_d20080829
942 _2ddc
_cBOOK
949 _a231.044 C28
_wDEWEY
_c1
_i58549
_lCCODEBUL1
_mBUL
_p9.00
_r0
_sY
_tBOOK
_u2015-06-25
_xBIBLIOTECA
_zUNKNOWN
_0COMPRA
_o.STAFF. Colección General
596 _a1
999 _a231.044 C28
_wDEWEY
_c47449
_i58549
_d47449
_e2016-11-29
_f2021-11-9
_g5
_lCCODEBUL1
_mBUL
_n2
_p9.00
_q3
_r0
_sY
_tBOOK
_u2015-6-25
_xTEOLOGIA
_zUNKNOWN
_0COMPRA
_o.STAFF. Colección Teología
980 _81
_gALBERTO SANCHEZ Responsable de Automatización